Sung công hay không khoản tiền trong giao dịch ủy quyền /
Сохранить в:
| Главный автор: | |
|---|---|
| Формат: | Статья |
| Язык: | Vietnamese |
| Предметы: | |
| Метки: |
Добавить метку
Нет меток, Требуется 1-ая метка записи!
|
| Thư viện lưu trữ: | Thư viện Trường Đại học Đà Lạt |
|---|
| LEADER | 00749nam a2200265 4500 | ||
|---|---|---|---|
| 001 | DLU160177986 | ||
| 005 | ##20161207 | ||
| 040 | # | # | |a DLU |b vie |
| 041 | # | # | |a vie |
| 044 | # | # | |a vn |
| 100 | # | # | |a Lê Thu Hà. |
| 245 | # | # | |a Sung công hay không khoản tiền trong giao dịch ủy quyền / |c Lê Thu Hà. |
| 653 | # | # | |a Ủy quyền |
| 653 | # | # | |a Giao dịch |
| 653 | # | # | |a Sung công quỹ |
| 773 | # | # | |t Tạp chí Tòa án nhân dân |g Số15, 2009, tr. 24-26 |
| 920 | # | # | |a Phòng Tạp chí -- Trung tâm Thông tin - Thư viện Trường Đại học Đà Lạt |
| 994 | # | # | |a DLU |
| 900 | # | # | |a True |
| 911 | # | # | |a Nguyễn Thị Mai Anh |
| 925 | # | # | |a G |
| 926 | # | # | |a A |
| 927 | # | # | |a BB |
| 980 | # | # | |a Thư viện Trường Đại học Đà Lạt |